000 01267nam a2200361Ia 4500
001 Z_6957
003 CHAP
005 20230303123859.0
008 220113s2016 xx 000 0 und d
010 _a170216
040 _cCHAP
090 _aTesis R85 2555
100 _aRuiz Ortega, Maricela
_9131635
245 _aPolimorfismos de Hsp y BoLA en las razas jersey y criollo lechero tropical en México /
_cMaricela Ruiz Ortega
260 _aMéxico :
_bEl autor,
_c2016
300 _a88 p.
502 _aTesis (Doctor en Ciencias en Innovación Ganadera) -- UACh, 2016 \ Dirección: Rodolfo Ramírez Valverde; asesoría: Rafael Nuñez Domínguez y Baldomero Alarcón Zuñiga
650 _aBoLA
_9146406
650 _aGanado bovino
_9138033
650 _aHSP
_9146407
650 _aPolimorfismos
_9146408
650 _aRaza criollo lechero tropical
_9146409
650 _aRaza jersey
_9145242
700 _a Alarcón Zuñiga, Baldomero, asesor
_9146410
700 _a Nuñez Domínguez, Rafael, asesor
_9144192
700 _aRamírez Valverde, Rodolfo, director
_9143292
856 4 2 _uhttp://10.13.5.2/tesis/sist112959.pdf
_yDescargar PDF
901 _aTESIS R85 2555
902 _aA
910 _a2016
942 _c2
_2ddc
942 _c2
_2ddc
999 _c170216
_d170216